[Event "St Petersburg-ch sf (Women) 80th"]
[Site "St Petersburg"]
[Date "2012.01.28"]
[Round "1.3"]
[White "Kolesnikova, Kristina"]
[Black "Chuinyshena, Svetlana"]
[Result "1-0"]
[WhiteElo "1926"]
[BlackElo "1628"]
[PlyCount "59"]
[EventDate "2012.01.28"]
[EventType "swiss"]
[EventRounds "9"]
[EventCountry "RUS"]
[SourceTitle "CBM 146 Extra"]
[Source "ChessBase"]
[SourceDate "2012.02.29"]
[SourceVersion "1"]
[SourceVersionDate "2012.02.29"]
[SourceQuality "1"]

1. e4 c6 2. c4 d5 3. exd5 cxd5 4. cxd5 Qxd5 5. Nc3 Qd8 6. d4 g6 7. Bf4 Bg7 8. Nb5 Qa5+ 9. b4 Qb6 10. Nc7+ Kf8 11. Nxa8 Qxb4+ 12. Qd2 Qxd4 13. Qxd4 Bxd4 14. Rc1 Bd7 15. Bxb8 Bb2 16. Rc2 Ba3 17. Nf3 Bb4+ 18. Nd2 Bc6 19. Bxa7 Nf6 20. Bc5 Bxc5 21. Rxc5 Kg7 22. Nb6 Rd8 23. f3 e6 24. Bb5 Bxb5 25. Rxb5 Nd7 26. Nxd7 Rxd7 27. Ke2 h5 28. Rhb1 Kh6 29. Rxb7 Rxb7 30. Rxb7 1-0

[Event "St Petersburg Autumn op"]
[Site "St Petersburg"]
[Date "2011.11.01"]
[Round "5"]
[White "Egorov, Daniil"]
[Black "Chuinyshena, Svetlana"]
[Result "1-0"]
[WhiteElo "1826"]
[BlackElo "1621"]
[PlyCount "151"]
[EventDate "2011.10.28"]
[EventType "swiss"]
[EventRounds "9"]
[EventCountry "RUS"]
[SourceTitle "EXT 2013"]
[Source "ChessBase"]
[SourceDate "2012.11.22"]
[SourceVersion "1"]
[SourceVersionDate "2012.11.22"]
[SourceQuality "1"]

1. c4 Nf6 2. Nc3 g6 3. g3 Bg7 4. Bg2 c6 5. Nf3 d5 6. cxd5 cxd5 7. 0-0 0-0 8. d4 e6 9. Bf4 b6 10. Nb5 Na6 11. Rc1 Bd7 12. Qa4 Bxb5 13. Qxb5 Nb8 14. Rc2 Qd7 15. Qxd7 Nbxd7 16. Rfc1 Nh5 17. Bd6 Rfd8 18. h3 Nf8 19. Be7 Re8 20. Rc7 h6 21. e3 Nh7 22. g4 N5f6 23. Ne5 Ng5 24. f4 Nge4 25. Bxf6 Bxf6 26. Nxf7 h5 27. g5 Be7 28. Bxe4 dxe4 29. Ne5 Bd6 30. R7c6 Bxe5 31. fxe5 Re7 32. Rf1 Rf8 33. Rf6 Rfe8 34. Rxg6+ Rg7 35. Rxg7+ Kxg7 36. h4 Re7 37. Kg2 Kg6 38. d5 Kf5 39. Rxe6 Rxe6 40. dxe6 Kxe6 41. Kf2 Kxe5 42. Ke2 b5 43. Kd2 a5 44. Kc3 Kd5 45. a3 Ke5 46. b3 Kd5 47. g6 Ke6 48. g7 Kf7 49. g8Q+ Kxg8 50. Kd4 Kf7 51. Kxe4 Ke6 52. Kf4 Kf6 53. e4 Ke6 54. e5 Ke7 55. b4 a4 56. Kf5 Kf7 57. e6+ Ke7 58. Ke5 Ke8 59. Kf6 Kf8 60. Kg5 Ke7 61. Kxh5 Kxe6 62. Kg6 Kd5 63. h5 Kc4 64. h6 Kb3 65. h7 Kxa3 66. h8Q Kxb4 67. Qb2+ Kc4 68. Qa3 Kd5 69. Qb4 Kc6 70. Kf5 Kb6 71. Ke5 Kc6 72. Ke6 Kb6 73. Kd6 Ka6 74. Kc6 Ka7 75. Qxb5 Ka8 76. Qb7# 1-0

[Event "St Petersburg Autumn op"]
[Site "St Petersburg"]
[Date "2011.10.30"]
[Round "3"]
[White "Sladkov, Andrey"]
[Black "Chuinyshena, Svetlana"]
[Result "1-0"]
[WhiteElo "1885"]
[BlackElo "1621"]
[PlyCount "125"]
[EventDate "2011.10.28"]
[EventType "swiss"]
[EventRounds "9"]
[EventCountry "RUS"]
[SourceTitle "EXT 2013"]
[Source "ChessBase"]
[SourceDate "2012.11.22"]
[SourceVersion "1"]
[SourceVersionDate "2012.11.22"]
[SourceQuality "1"]

1. e4 c6 2. d4 d5 3. Nd2 dxe4 4. Nxe4 g6 5. Nf3 Bg7 6. c3 Nd7 7. Bc4 Ngf6 8. Neg5 e6 9. Qe2 Qe7 10. Bd2 b6 11. 0-0-0 Bb7 12. h4 h5 13. Rde1 0-0 14. Nh3 c5 15. dxc5 Nxc5 16. Nf4 Rac8 17. Be3 Rfe8 18. Bb5 Bc6 19. Bxc6 Rxc6 20. Ne5 Rc7 21. g3 Nfd7 22. Nxd7 Rxd7 23. Rd1 Red8 24. Rxd7 Rxd7 25. Rd1 Nb7 26. Rxd7 Qxd7 27. Qd3 Qxd3 28. Nxd3 Kf8 29. Nb4 Nd6 30. Nc6 Nc8 31. Bf4 Ke8 32. Kc2 Bf8 33. Kd3 Bc5 34. Be3 Bxe3 35. Kxe3 Kd7 36. Ne5+ Ke7 37. Kd4 Kf6 38. c4 Nd6 39. Nd7+ Ke7 40. Nb8 Nf5+ 41. Kd3 Kd6 42. Na6 Kc6 43. a4 Nd6 44. b4 Kb7 45. b5 Kc8 46. Nb4 Kd7 47. Nc6 Nc8 48. Ne5+ Ke7 49. Kd4 Kf6 50. Nc6 Kf5 51. c5 g5 52. hxg5 Kxg5 53. a5 f5 54. Nxa7 e5+ 55. Kc4 f4 56. Nxc8 fxg3 57. fxg3 Kg4 58. cxb6 Kxg3 59. b7 h4 60. b8Q h3 61. Qxe5+ Kg2 62. a6 h2 63. Qxh2+ 1-0